Acciones por la paz del gobierno de Nicaragua (junio-diciembre 88)

সংরক্ষণ করুন:
গ্রন্থ-পঞ্জীর বিবরন
বিন্যাস: পাঠ‍্য
প্রকাশিত: Managua: Dirección de Información y Prensa de la Presidencia de la República
ট্যাগগুলো: ট্যাগ যুক্ত করুন
কোনো ট্যাগ নেই, প্রথমজন হিসাবে ট্যাগ করুন!

MARC

LEADER 00000 a a2200000 04500
001 23775
003
040
090 |a 168100  
245 |a Acciones por la paz del gobierno de Nicaragua (junio-diciembre 88)  
260 |a Managua:   |b Dirección de Información y Prensa de la Presidencia de la República  
300 |a 21 p.  
999 |c 12548  |d 12548